000 00897nam a22003137a 4500
008 090310b2003 tu |||gr||||#||||0|tur |
040 _aTR-BiSEU
_btur
_cTR-BiSEU
_erda
001 0002878
003 KOHA_MİRAKIL
005 20260207001323.0
007 ta
020 _a975295233x
041 0 _atur
044 _ctu
050 _aTK7868
_b.Y34 2003
100 1 _aYağımlı, Mustafa.
245 1 _aDijital elektronik/
_cMustafa Yağımlı ; Mustafa Yağımlı, Feyzi Akar.
264 1 _aİstanbul :
_bBeta
_c2003
300 _a601 sayfa; 24 cm.
336 _ametin
_btxt
_2rdacontent
337 _aaracısız
_bn
_2rdamedia
338 _acilt
_bnc
_2rdacarrier
490 1 _aBeta Yayın No ;
_v1352.
490 1 _aTeknik Dizisi ;
_v98.
650 0 _aDijital elektronik.
_93429
830 1 _aBeta Yayın No ;
_v1352.
_91882
830 1 _aTeknik Dizisi ;
_v98.
_92832
942 _2lcc
_cBK
999 _c2865
_d2865